000 01256cad a22002655a 4500
001 L143047
008 080403s20080313xxk f 000 0 eng d
035 _a(Sirsi) u143047
041 0 _aeng
050 0 4 _a333.333 $2 18
110 1 _aUnited Kingdom
_kLaws, etc
_95044
245 0 4 _aThe Housing Act 2004 (Commencement No. 11) (England and Wales) Order 2008
_h[electronic resource]
260 _aLondon
_bOPSI
_c2008
520 _aComes into force 6 April 2008. Brings the remainder of the Housing Act 2004 Part V into force. Following this, Home Information Packs will be compulsory for all residential properties unless exempted under part 6 of the Home Information Pack (No 2) Regulations 2007 (L138557).
521 2 _aAdvanced
590 _aKA
650 2 4 _aHOUSING ACT 2004 PART V
650 2 4 _aHOME INFORMATION PACKS
650 2 4 _aRESIDENTIAL ENERGY PERFORMANCE CERTIFICATES
650 2 4 _aHOME INFORMATION PACK (NO.2) REGULATIONS 2007
651 4 _aEngland and Wales
_y1543-
690 _aPROPERTY-RESIDENTIAL PROPERTY-ACQUISITION AND DISPOSAL OF RESIDENTIAL PROPERTY-HOME BUYING REFORM
856 4 0 _uhttps://www.opsi.gov.uk/si/si2008/uksi_20080898_en_1
_zView the statutory instrument free of charge at www.opsi.gov.uk...
942 _n0
999 _c108045
_d108045